00491 2200181 4500001002100000005001500021035002000036007000300056008004100059020002200100082000800122084001400130100001900144245005000163260003400213300004500247650001700292INLIS00000000000009120231003103430 a0010-1023000027ta231003 g 0 ind  a978-602-9462-63-0 a635 a635 CAT k0 aCatur Hermanto1 aKeragaman dan Kekayaan Buah Tropika Nusantara aJakarta :bIAARD Press,c2013 avi, 162 hlm, :bilus, ;c21,5 cm x 28 cm 4aBuah tropika